000 00603nam a2200241Ia 4500
005 20260320201141.0
008 008 262003s9999 xx 000 0 eng d
037 _aEBOOK
040 _aCRL
040 _beng
040 _cCRL
041 _2eng
041 _aeng
084 _qCRL
100 _aMa
245 0 _aSynthesized Transmission Lines: Design, Circuit Implementation, and Phased Array Applications
260 _bIEEE
260 _c2017
856 _uhttps://ieeexplore.ieee.org/servlet/opac?bknumber=7794180
942 _cEBOOK
999 _c1719231
_d1719231